<?xml version="1.0" encoding="UTF-8"?>
<record
    xmlns:xsi="http://www.w3.org/2001/XMLSchema-instance"
    xsi:schemaLocation="http://www.loc.gov/MARC21/slim http://www.loc.gov/standards/marcxml/schema/MARC21slim.xsd"
    xmlns="http://www.loc.gov/MARC21/slim">

  <leader>00638nam a22002057a 4500</leader>
  <controlfield tag="005">20211111125330.0</controlfield>
  <controlfield tag="008">211111b           ||||| |||| 00| 0 jpn d</controlfield>
  <datafield tag="020" ind1=" " ind2=" ">
    <subfield code="a">4102010181</subfield>
  </datafield>
  <datafield tag="050" ind1="0" ind2="4">
    <subfield code="a">PL2658.J1</subfield>
    <subfield code="b">D67 1971</subfield>
  </datafield>
  <datafield tag="100" ind1="1" ind2=" ">
    <subfield code="a">&#x414;&#x43E;&#x441;&#x442;&#x43E;&#x435;&#x432;&#x441;&#x43A;&#x438;&#x439;, &#x424;&#x435;&#x434;&#x43E;&#x440;</subfield>
    <subfield code="d">1821-1881</subfield>
    <subfield code="q">Dostoyevsky, Fyodor</subfield>
  </datafield>
  <datafield tag="245" ind1="1" ind2="0">
    <subfield code="a">&#x60AA;&#x970A; /</subfield>
    <subfield code="c"> &#x30C9;&#x30B9;&#x30C8;&#x30A8;&#x30D5;&#x30B9;&#x30AD;&#x30FC; ; &#x6C5F;&#x5DDD;&#x5353;&#x8A33;</subfield>
  </datafield>
  <datafield tag="246" ind1="1" ind2="0">
    <subfield code="a">Akury&#x14D; /</subfield>
  </datafield>
  <datafield tag="250" ind1=" " ind2=" ">
    <subfield code="a">1a ed.</subfield>
  </datafield>
  <datafield tag="260" ind1=" " ind2=" ">
    <subfield code="a">T&#x14D;ky&#x14D; : </subfield>
    <subfield code="b">Shinch&#x14D;sha, </subfield>
    <subfield code="c">1971</subfield>
  </datafield>
  <datafield tag="300" ind1=" " ind2=" ">
    <subfield code="a">626 p. :</subfield>
    <subfield code="b">il. ;</subfield>
    <subfield code="c">15 cm.</subfield>
  </datafield>
  <datafield tag="490" ind1=" " ind2="0">
    <subfield code="a">Shinch&#x14D; bunko</subfield>
  </datafield>
  <datafield tag="650" ind1=" " ind2="7">
    <subfield code="2">lemb</subfield>
    <subfield code="a">Libros de lectura</subfield>
    <subfield code="v">Japon&#xE9;s </subfield>
  </datafield>
  <datafield tag="700" ind1="1" ind2=" ">
    <subfield code="a">Egawa, Suguru </subfield>
    <subfield code="e">traductor</subfield>
  </datafield>
  <datafield tag="942" ind1=" " ind2=" ">
    <subfield code="2">lcc</subfield>
    <subfield code="c">LIB</subfield>
  </datafield>
  <datafield tag="999" ind1=" " ind2=" ">
    <subfield code="c">158826</subfield>
    <subfield code="d">158824</subfield>
  </datafield>
  <datafield tag="952" ind1=" " ind2=" ">
    <subfield code="1">0</subfield>
    <subfield code="2">lcc</subfield>
    <subfield code="4">0</subfield>
    <subfield code="7">0</subfield>
    <subfield code="a">DEP-035-1</subfield>
    <subfield code="b">DEP-035-1</subfield>
    <subfield code="c">GENERAL</subfield>
    <subfield code="d">2021-11-11</subfield>
    <subfield code="e">DON</subfield>
    <subfield code="f">1a ed.</subfield>
    <subfield code="k">EH</subfield>
    <subfield code="l">0</subfield>
    <subfield code="o">PL2658.J1 D67 1971</subfield>
    <subfield code="p">BDI000003254</subfield>
    <subfield code="r">2021-11-11 00:00:00</subfield>
    <subfield code="t">1 </subfield>
    <subfield code="v">1.00</subfield>
    <subfield code="y">LIB</subfield>
  </datafield>
</record>
